Rapporto sul comportamento sessuale dei giovani in Italia /

Gespeichert in:
Bibliographische Detailangaben
1. Verfasser: Risé, Claudio (Verfasst von)
Format: Buch
Sprache:Italienisch
Veröffentlicht: Milano : Sugar, stampa 1966
Schriftenreihe:Problemi e documenti ; 29
Schlagworte:
Tags: Tag hinzufügen
Keine Tags, Fügen Sie das erste Tag hinzu!

MARC

LEADER 00000nam a22000007i 4500
001 IT\ICCU\SBL\0533163
003 ItRI
005 20260223115037.0
008 910930s1966 it |||||| ||||| |||||c
015 |2 IT  |a 663233 
040 |b ita  |c ct 
041 7 |a ita  |2 ISO-639-2 
082 |a 301.424  |2 16 
100 1 |a Risé, Claudio  |0 IT\ICCU\MILV\054036  |4 aut 
245 1 0 |a Rapporto sul comportamento sessuale dei giovani in Italia /  |c Claudio Risé. 
260 |a Milano :  |b Sugar,  |c stampa 1966 
300 |a 306 p. ;  |c 22 cm. 
650 7 |a Giovani  |x Comportamento sessuale  |x Italia 
752 |a it   |d Milano 
830 0 |a Problemi e documenti ;  |v 29  |0 IT\ICCU\RAV\0148700 
942 |2 ddc  |c BK 
952 |0 0  |1 0  |2 ddc  |4 0  |6 B_SSR03RISCLRAP11  |7 1  |9 8470  |a MI  |b MI  |d 2005-12-28  |i 1415  |l 0  |o B-SSR03-RISCL-RAP11  |p CDOM1415  |r 2025-07-17 21:50:00  |w 2025-07-17  |y BK 
952 |0 0  |1 0  |4 0  |6 DOC_306_708000000000000_RIS  |7 0  |9 25951  |a BO  |b BO  |d 2026-01-15  |i 229  |l 0  |o DOC 306.708 RIS  |p BO229  |r 2026-01-15 23:24:40  |w 2026-01-15  |x [Sebina 5] [1 v.]  |y BK  |z 1 v. 
999 |c 7054  |d 7054